00522nam a2200157Ia 4500003000900000008004100009040001600050080001500066110005400081245007700135260007200212300001400284650002700298650001200325650002700337IN-BaIIA211028s9999 xx 000 0 eng d cIIA Library a61.22bIND aIndian Association for the Cultivation of Science 2aA century.cIndian Association for the Cultivation of Science  aCalcuttabIndian Association for the Cultivation of ScienceĀ c1976 axv, 313p. aAdvancement of Science aCentury aCultivation of Science